Пропуск в контексте

Политематический сетевой электронный научный журнал Кубанского государственного аграрного университета, 2010, №62 Журнал

Shranjeno v:
Bibliografske podrobnosti
Format: Журнал
Online dostop:https://znanium.com/catalog/document?id=75322
https://znanium.com/cover/0635/635159.jpg
Oznake: Označite
Brez oznak, prvi označite!
LEADER 01109nam0a2200205 i 4500
001 RU\infra-m\znanium\bibl\635159
003 https://znanium.com/catalog/document?id=75322
005 20210119000000.0
100 |a 20210119d2016 m y0rusy0150 ca 
101 0 |a rus 
102 |a RU 
200 1 |a Политематический сетевой электронный научный журнал Кубанского государственного аграрного университета, 2010, №62  |e Журнал 
210 1 |a Краснодар  |c Кубанский государственный аграрный университет (КубГАУ)  |d 2010 
215 |a 513 с. 
608 |a Журнал  |2 local 
675 |a 63  |z rus 
686 |a 4  |2 rubbk 
801 0 |a RU  |b Общество с ограниченной ответственностью «ЗНАНИУМ»  |c 20160624  |2 rusmarc 
856 4 |a znanium.com  |m ebs_support@infra-m.ru  |n НИЦ ИНФРА-М  |u https://znanium.com/catalog/document?id=75322 
856 4 1 |a znanium.com  |d /cover/0635  |f 635159.jpg  |q image/jpeg  |u https://znanium.com/cover/0635/635159.jpg